Wymień Wszystkich Młodych Wilków Popkilera (Edycje 4-7) - Statystyki

Ogólne statystyki
  • Ten quiz został rozwiązany 105 razy
  • Średni wynik to 21 z 44
Statystyki odpowiedzi
Edycja Raper % Poprawnych
Młode Wilki 5 Bedoes
89%
Młode Wilki 5 ReTo
81%
Młode Wilki 6 White 2115
78%
Młode Wilki 7 Qry
77%
Młode Wilki 6 Jan-rapowanie
73%
Młode Wilki 6 Zeamsone
73%
Młode Wilki 7 OKI
71%
Młode Wilki 7 ZetHa
70%
Młode Wilki 4 Żabson
68%
Młode Wilki 5 Smolasty
64%
Młode Wilki 6 Tymek
63%
Młode Wilki 7 Koza
59%
Młode Wilki 7 Opał
55%
Młode Wilki 5 PlanBe
55%
Młode Wilki 4 Ad.M.a
53%
Młode Wilki 4 Guzior
53%
Młode Wilki 4 Otsochodzi
53%
Młode Wilki 6 Siles
52%
Młode Wilki 7 be vis
49%
Młode Wilki 7 Bober
49%
Młode Wilki 7 Karian
47%
Młode Wilki 7 Lipa
47%
Młode Wilki 7 Przyłu
47%
Młode Wilki 6 Kamil Pivot
45%
Młode Wilki 4 Wac Toja
42%
Młode Wilki 5 Anatom
40%
Młode Wilki 6 Frosti Rege
40%
Młode Wilki 4 Leh
40%
Młode Wilki 7 Augustyn
37%
Młode Wilki 7 Miły ATZ
36%
Młode Wilki 4 Sarius
36%
Młode Wilki 5 Emes Milligan
33%
Młode Wilki 6 Zero
33%
Młode Wilki 5 Duchu
32%
Młode Wilki 5 Tymin
32%
Młode Wilki 6 Fejz
30%
Młode Wilki 6 Pater
27%
Młode Wilki 6 Barto'cut12
23%
Młode Wilki 5 Paweł Bokun
23%
Młode Wilki 6 Michał Tomasik
22%
Młode Wilki 4 Nieznanyklarenz
21%
Młode Wilki 5 The Blu Mantic
19%
Młode Wilki 4 Diset
18%
Młode Wilki 4 JNR
11%
Nie znaleziono quizów pasujących do podanych kryteriów
Rozkład punktacji
Procent ludzi z każdym wynikiem
Percentyl według liczby udzielonych odpowiedzi
Twoja historia wyników
Nie rozwiązałeś tego quizu